[Event "Caorle op"]
[Site "Caorle"]
[Date "1982.??.??"]
[Round "1"]
[White "Oddvar, U Voll"]
[Black "Lagumina, Salvino"]
[Result "1/2-1/2"]
[WhiteElo "2000"]
[BlackElo "2145"]

1.d4 Nf6 2.c4 g6 3.Nc3 Bg7 4.e4 d6 5.Be2 O-O 6.Nf3 e5 7.dxe5 dxe5 8.Qxd8 Rxd8
9.Bg5 Na6 10.Nd5 Rd6 11.Nd2 c6 12.Nxf6+ Bxf6 13.Be3 Nc7 14.O-O-O Be6 15.Nb3 Rxd1+
16.Rxd1 b6 17.c5 Nb5 18.Bxb5 cxb5 19.cxb6 axb6 20.Kb1 Rd8 21.Rd2 Bxb3 22.Rxd8+ Bxd8
23.axb3 Kf8 24.Kc2 Ke7 25.Bg5+ f6 26.Bd2 Ke6 27.Bb4 Kd7 28.Kd3  1/2-1/2

[Event "Caorle op"]
[Site "Caorle"]
[Date "1982.??.??"]
[Round "2"]
[White "Dmitrovic, Zoran"]
[Black "Dierich, Jochen"]
[Result "1-0"]
[WhiteElo "1965"]
[BlackElo "2200"]

1.Nf3 Nf6 2.c4 g6 3.Nc3 Bg7 4.e4 d6 5.d4 O-O 6.Be2 e5 7.d5 Nbd7 8.Bg5 h6
9.Bh4 a5 10.Nd2 Nc5 11.O-O c6 12.b3 Qc7 13.a3 Nh7 14.f3 f5 15.b4 Nd7 16.Qb3 Rf7
17.Bf2 Bf8 18.Na4 cxd5 19.cxd5 axb4 20.axb4 f4 21.Rfc1 Qd8 22.b5 b6 23.Nc4 Rb8
24.Rc2 Nc5 25.Nxc5 bxc5 26.Rca2 h5 27.Na5 Qf6 28.Nc6 Rb6 29.Ra8 Bd7 30.Be1 g5
31.Nd8 Rg7 32.Ba5 g4 33.Bxb6 g3 34.Ne6 gxh2+ 35.Kh1 Rg3 36.Rd8 Qg6 37.Bf1 Be8
38.Ba5 Be7 39.Rxe8+ Qxe8 40.b6  1-0

[Event "Caorle op"]
[Site "Caorle"]
[Date "1982.??.??"]
[Round "5"]
[White "Oddvar, U Voll"]
[Black "Kuhn, Hubert"]
[Result "1-0"]
[WhiteElo "2000"]
[BlackElo "2000"]

1.d4 Nf6 2.c4 g6 3.Nc3 Bg7 4.e4 d6 5.Be2 O-O 6.Nf3 e5 7.dxe5 dxe5 8.Qxd8 Rxd8
9.Bg5 Re8 10.Nd5 Nxd5 11.cxd5 c6 12.Bc4 b5 13.Bb3 Bb7 14.Rc1 Rc8 15.Be3 Nd7
16.dxc6 Rxc6 17.Rxc6 Bxc6 18.Ng5 Rf8 19.O-O Bf6 20.f3 Bd8 21.Rc1 Bb7 22.Rd1 Bb6
23.Bxb6 Nxb6 24.Rc1 Nc4 25.Bxc4 bxc4 26.Rxc4 Rc8 27.Rxc8+ Bxc8 28.Kf2 f6
29.Nh3 Kf7 30.Ke3 Ba6 31.Nf2 Ke6 32.Nd1 Kd6 33.Kd2 f5 34.exf5 gxf5 35.g3 Bb7
36.Ke3 Kc5 37.h3 Bc8 38.Nf2 Kd6 39.f4 Be6 40.fxe5+ Kxe5 41.Nd3+ Kf6 42.a3 Bd5
43.Kd4 Bg2 44.Nf4 Bf1 45.h4 h6 46.b4 Ba6 47.Nd5+ Kf7 48.Ke5 Bd3 49.Ne3 Kg6
50.a4 a6 51.Nd5 Be4 52.b5 axb5 53.axb5  1-0

[Event "Caorle op"]
[Site "Caorle"]
[Date "1982.??.??"]
[Round "7"]
[White "Capuano, Ruggiero"]
[Black "Pagnutti, Lorenzo"]
[Result "1/2-1/2"]
[WhiteElo "1915"]
[BlackElo "2045"]

1.d4 Nf6 2.c4 g6 3.Nc3 Bg7 4.e4 d6 5.Be2 O-O 6.Nf3 e5 7.d5 Nh5 8.Nd2 Nf4
9.g3 Nxe2 10.Qxe2 Bh3 11.Nb3 Nd7 12.Be3 a5 13.O-O-O a4 14.Nd2 Nf6 15.f3 Bd7
16.g4 c6 17.h4 Qa5 18.h5 a3 19.Nb3 axb2+ 20.Qxb2 Qc7 21.Kb1 cxd5 22.cxd5 b5
23.Rc1 Qb7 24.Rh4 b4 25.Ne2 Ra3 26.Rch1 Rfa8 27.Nec1 Ba4 28.hxg6 fxg6 29.R4h2 Bxb3
30.axb3 Qa6 31.Kc2 Ra1 32.Kd2 Rc8 33.Ke1 Rc3 34.Re2 Nd7 35.Kf2 Nc5 36.Bxc5 Rxc5
37.Rhe1 Rc3 38.Rc2 Bh6 39.Rxc3 Bxc1 40.Rcxc1 Ra2 41.Re2 Qb6+ 42.Kg2 Rxb2
43.Rxb2 h5 44.gxh5 gxh5 45.Ra2 Kg7 46.Rc6 Qd8 47.Kf1 Qd7 48.Rb6 Kh6 49.Rg2 h4
50.Rg4 Qd8 51.Rxb4 Qa5 52.Rxh4+ Kg5 53.Rg4+ Kh5 54.Rb8 Qa6+ 55.Ke1 Qa1+ 56.Kd2 Qb2+  1/2-1/2

[Event "Midwest Masters"]
[Site "Chicago"]
[Date "1982.??.??"]
[Round "1"]
[White "Redman, Tim"]
[Black "Savage, Allan G"]
[Result "1/2-1/2"]
[WhiteElo "2100"]
[BlackElo "2300"]

1.d4 Nf6 2.c4 g6 3.Nc3 Bg7 4.e4 d6 5.Nf3 O-O 6.Be2 e5 7.Be3 Qe7 8.d5 a5 9.a3 Na6
10.Rb1 h5 11.b4 axb4 12.axb4 Nh7 13.Nd2 f5 14.f3 Bf6 15.Qc2 Bd7 16.Bd3 f4
17.Bf2 Bh4 18.Nd1 Bxf2+ 19.Nxf2 g5 20.Be2 Nf6 21.Nd3 Kh8 22.c5 g4 23.c6 bxc6
24.dxc6 Be6 25.b5 Nb8 26.Qc3 Kh7  1/2-1/2

[Event "Politiken Cup"]
[Site "Copenhagen"]
[Date "1982.??.??"]
[Round "2"]
[White "Jakobsen, Ole"]
[Black "Cramling, Pia"]
[Result "1-0"]
[WhiteElo "2410"]
[BlackElo "2260"]

1.d4 Nf6 2.c4 d6 3.Nc3 Nbd7 4.e4 e5 5.Nf3 g6 6.Be2 Bg7 7.O-O O-O 8.Re1 c6
9.Bf1 exd4 10.Nxd4 Ng4 11.Qxg4 Bxd4 12.Qd1 Qf6 13.Be3 Bxe3 14.Rxe3 Ne5 15.Be2 Rd8
16.Qf1 g5 17.Rd1 Be6 18.b3 a6 19.a4 Kh8 20.a5 Ng6 21.Na4 Nf4 22.Nb6 Rab8
23.Qe1 Qe5 24.Bf1 f6 25.Qd2 Bf7 26.b4 Ne6 27.Rd3 Qxe4 28.Re1 Qf5 29.Rde3 d5
30.cxd5 Nf4 31.d6 Nd5 32.Rf3 Qg6 33.Bd3 Qg7 34.Nxd5 cxd5 35.h4 Rxd6 36.Re7 g4
37.Rg3 Re6 38.Rd7 Rbe8 39.Qf4 h5 40.Rxb7 R6e7 41.Rxe7 Rxe7 42.Re3 Rxe3 43.Qxe3 Bg6
44.Bxa6 Be4 45.Qd4 Qe7 46.Bf1 Kh7 47.a6 f5 48.a7 Qb7 49.g3 Qc6  1-0

[Event "Politiken Cup"]
[Site "Copenhagen"]
[Date "1982.??.??"]
[Round "3"]
[White "Jakobsen, Ole"]
[Black "Hazai, Laszlo"]
[Result "1/2-1/2"]
[WhiteElo "2410"]
[BlackElo "2450"]

1.d4 Nf6 2.c4 d6 3.Nc3 e5 4.Nf3 Nbd7 5.e4 g6 6.Be2 Bg7 7.O-O O-O 8.Re1 c6
9.Bf1 exd4 10.Nxd4 Ng4 11.Qxg4 Bxd4 12.Be3 Bxe3 13.Rxe3 Ne5 14.Qg3 h5 15.h4 Bg4
16.c5 Qe7 17.f4 Nd7 18.cxd6 Qxd6 19.e5 Qd4 20.Be2 Bxe2 21.Nxe2 Qb6 22.Kh1 Rae8
23.Rb3 Qc7 24.Nd4 Kh7 25.Rc1 a6 26.Rd3 f6 27.f5 Rg8 28.Ne6 Qc8 29.exf6 Nxf6
30.Ng5+ Kh6 31.Nf7+ Kh7 32.Qg5 Ng4 33.Nd6 Qd7 34.Rf1 Re5 35.Rdd1 Qg7 36.Rde1 gxf5
37.Qxg7+ Rxg7 38.Rxe5 Nxe5 39.Rxf5 Nd3 40.Rxh5+ Kg8 41.Nf5 Rh7 42.Rg5+ Kf7
43.Rg3 Nxb2 44.Rb3 Kf6 45.Rxb2 Kxf5 46.g3 Ke4 47.Kg2 c5 48.Rc2  1/2-1/2

[Event "Politiken Cup"]
[Site "Copenhagen"]
[Date "1982.??.??"]
[Round "3"]
[White "Ravikumar, Vaidyanathan"]
[Black "Berg, Klaus"]
[Result "1/2-1/2"]
[WhiteElo "2395"]
[BlackElo "2295"]

1.d4 Nf6 2.c4 g6 3.Nc3 Bg7 4.e4 d6 5.Be2 O-O 6.Nf3 e5 7.d5 a5 8.O-O Na6 9.Bg5 h6
10.Bh4 Qe8 11.Ne1 g5 12.Bg3 Nxe4 13.Nxe4 f5 14.Bh5 Qe7 15.f3 fxe4 16.fxe4 Rxf1+
17.Kxf1 Nc5 18.Qe2 g4 19.Bxg4 Bxg4 20.Qxg4 Qg5 21.Qxg5 hxg5 22.Nf3 g4 23.Ng5 Bh6
24.Ne6 Nxe6 25.dxe6 Re8 26.Be1 b6 27.Bh4 Rxe6 28.Bd8 Be3 29.Ke2 Bd4 30.Bxc7 Kf7
31.Bd8 Re8 32.Bh4 Rh8 33.Rf1+ Ke6 34.Rf6+ Kd7 35.Bg3 Bxb2 36.Rg6 Kc6 37.Rxg4 b5
38.cxb5+ Kxb5 39.Rg6 Kc5 40.Kd3 Bd4 41.h4 d5 42.Be1 Rf8 43.h5 dxe4+ 44.Kxe4 Rf4+
45.Kd3 e4+ 46.Ke2 Kc4 47.h6 Rf7 48.g4 Rb7 49.g5 Rb2+ 50.Kf1 Rxa2 51.Rd6 Rh2  1/2-1/2

[Event "Politiken Cup"]
[Site "Copenhagen"]
[Date "1982.??.??"]
[Round "7"]
[White "Cramling, Dan"]
[Black "Hoi, Carsten"]
[Result "0-1"]
[WhiteElo "2345"]
[BlackElo "2425"]

1.c4 Nf6 2.Nc3 d6 3.d4 g6 4.e4 Bg7 5.Be2 O-O 6.Be3 e5 7.Nf3 exd4 8.Nxd4 Nc6
9.O-O Re8 10.f3 Nxd4 11.Bxd4 Be6 12.Qd2 a5 13.f4 Bd7 14.Bf3 Bc6 15.Rae1 Nd7
16.Bxg7 Kxg7 17.b3 Qf6 18.Kh1 h6 19.a3 Rad8 20.Nd1 Nc5 21.Nf2 Nxb3 22.Qe3 a4
23.e5 dxe5 24.Ng4 Qxf4 25.Bd5 Qxe3 26.Rxf7+ Kh8 27.Rxe3 Bxd5 28.cxd5 Rf8
29.Nxh6 Rde8 30.h3 Rxf7 31.Nxf7+ Kg7 32.Nxe5 Nd4 33.Rd3 Rxe5 34.Rxd4 b5 35.Kh2 Re3
36.d6 cxd6 37.Rd5 Rb3 38.h4 Kf7 39.g3 Ke6 40.Rg5 Kf6 41.Rd5 Ke6 42.Rg5 Rxa3
43.Rxg6+ Kf7 44.Rxd6 Rb3 45.Ra6 a3 46.h5 b4 47.Ra7+ Kg8 48.Kh3 Rb2 49.g4 a2
50.Ra8+ Kh7 51.Ra7+ Kg8 52.Ra8+ Kf7 53.Ra7+ Ke6 54.Ra6+ Kf7 55.Ra7+ Ke6 56.Ra6+ Kd5
57.Kh4 b3 58.g5 Rh2+ 59.Kg4 Rh1  0-1

[Event "Politiken Cup"]
[Site "Copenhagen"]
[Date "1982.??.??"]
[Round "8"]
[White "Taulbut, Shaun M"]
[Black "Berg, Klaus"]
[Result "1-0"]
[WhiteElo "2435"]
[BlackElo "2295"]

1.d4 Nf6 2.c4 g6 3.Nc3 Bg7 4.e4 O-O 5.Nf3 d6 6.Be2 e5 7.d5 a5 8.Bg5 h6 9.Bh4 Na6
10.Nd2 Qe8 11.O-O h5 12.f3 Nh7 13.Bf2 Bh6 14.a3 Bd7 15.Nb5 Qe7 16.Rb1 Qg5
17.Be1 f5 18.b4 axb4 19.axb4 h4 20.f4 exf4 21.Nf3 Qf6 22.Bc3 Qe7 23.e5 g5
24.exd6 cxd6 25.Bd3 Nf6 26.Re1 Ne4 27.Bxe4 fxe4 28.Qd4 Qh7 29.Rxe4 Bxb5 30.cxb5 Nc7
31.Rbe1 Nxb5 32.Qc4 Nxc3 33.Qxc3 g4 34.Nd4 Bg7 35.Qd3 Be5 36.Ne6 Rf6 37.h3 gxh3
38.Qxh3 f3 39.gxf3 Bg3 40.Rg4+ Kh8 41.Ng5 Qh6 42.Rxg3 Rg8 43.Re4  1-0

[Event "Politiken Cup"]
[Site "Copenhagen"]
[Date "1982.??.??"]
[Round "9"]
[White "Akesson, Ralf"]
[Black "Portisch, Ferenc"]
[Result "1-0"]
[WhiteElo "2405"]
[BlackElo "2410"]

1.d4 Nf6 2.c4 g6 3.Nc3 Bg7 4.e4 d6 5.Be2 O-O 6.Nf3 e5 7.Be3 Nbd7 8.d5 Nc5
9.Nd2 a5 10.g4 Bd7 11.h4 Qc8 12.g5 Nh5 13.Bxh5 gxh5 14.Qe2 Bg4 15.f3 Bd7
16.O-O-O Kh8 17.Nf1 f5 18.Bxc5 dxc5 19.Ng3 Qe8 20.d6 cxd6 21.Rxd6 fxe4 22.Ngxe4 Bc6
23.Rhd1 Qc8 24.R1d3 Qh3 25.Qf2 Rae8 26.a3 a4 27.Kb1 Qh1+ 28.Ka2 Qc1 29.Qxc5 Qf4
30.Nd5 Qxh4 31.Nc7 Rc8 32.Rxc6 bxc6 33.Ne6 Rxf3 34.Nxg7 Qxe4 35.Rxf3 Qxf3
36.Qxe5 Kg8 37.Nf5 Rc7 38.Qe8+  1-0

[Event "Wch U20"]
[Site "Copenhagen"]
[Date "1982.??.??"]
[Round "13"]
[White "Milos, Gilberto"]
[Black "Horvath, Jozsef"]
[Result "1-0"]
[WhiteElo "2395"]
[BlackElo "2330"]

1.d4 Nf6 2.c4 g6 3.Nc3 Bg7 4.e4 d6 5.Nf3 O-O 6.Be2 e5 7.Be3 Qe7 8.d5 Ng4
9.Bg5 f6 10.Bh4 h5 11.Nd2 c5 12.dxc6 bxc6 13.b4 Be6 14.Nb3 Nd7 15.O-O Rac8
16.Na5 Nb6 17.Rc1 Rfd8 18.b5 cxb5 19.cxb5 Qf7 20.Nc6 Rd7 21.Nd5 Kh7 22.f3 Bxd5
23.fxg4 Bxe4 24.gxh5 Rg8 25.Bd3 Bxd3 26.Qxd3 Bh8 27.Rcd1 Qe6 28.hxg6+ Rxg6
29.Rf5 Kg8 30.Rdf1 Qd5 31.Qe2 Rdg7 32.g3 Rf7 33.R1f2 Bg7 34.Bxf6 Qc5 35.Ne7+ Rxe7
36.Bxe7 Nd5 37.Bf8 Bf6 38.Qh5 Qc1+ 39.Kg2  1-0

[Event "Esbjerg-B"]
[Site "Esbjerg"]
[Date "1982.??.??"]
[Round "5"]
[White "Brinck Claussen, Bjorn"]
[Black "Berg, Klaus"]
[Result "0-1"]
[WhiteElo "2380"]
[BlackElo "2295"]

1.d4 Nf6 2.c4 g6 3.Nc3 Bg7 4.e4 d6 5.Nf3 O-O 6.Be2 e5 7.Be3 Nbd7 8.h3 exd4
9.Nxd4 Re8 10.Qc2 Nc5 11.f3 Nh5 12.g4 Ng3 13.Rg1 Nxe2 14.Qxe2 Qh4+ 15.Bf2 Qxh3
16.O-O-O Qh2 17.Nd5 Be6 18.Nf5 Bxd5 19.cxd5 gxf5 20.gxf5 Kf8 21.Rh1 Nd3+
22.Qxd3 Qxf2 23.Rd2 Qc5+ 24.Kb1 h6 25.Rc2 Qb6 26.Qd2 Ke7 27.Qf4 Rg8 28.Qc1 Kd7
29.Rd1 Bd4 30.Qxh6 Rh8 31.Qd2 Be3 32.Qc3 Rh7 33.a4 a5 34.Rd3 Bf4 35.Qc4 Rc8
36.Rb3 Qg1+ 37.Ka2 Rh1 38.Rxb7 Kd8 39.Qc3 Qb1+ 40.Kb3 Be5 41.Qxa5 Rf1 42.Qd2 Rxf3+
43.Kb4 Bf4 44.Qg2 Qe1+ 45.Kb5 Rg3 46.Qe2 Rb3+ 47.Kc6 Rxb7 48.Kxb7 Qa5  0-1

[Event "Esbjerg-B"]
[Site "Esbjerg"]
[Date "1982.??.??"]
[Round "7"]
[White "Plaskett, Jim"]
[Black "Berg, Klaus"]
[Result "1/2-1/2"]
[WhiteElo "2405"]
[BlackElo "2295"]

1.d4 Nf6 2.Nf3 g6 3.c4 Bg7 4.Nc3 O-O 5.e4 d6 6.Be2 e5 7.O-O Nbd7 8.d5 Nc5
9.Qc2 a5 10.Bg5 h6 11.Be3 Nfd7 12.Nd2 f5 13.exf5 gxf5 14.f4 e4 15.Nb3 Qe7
16.Nd4 Nf6 17.h3  1/2-1/2

[Event "Esbjerg"]
[Site "Esbjerg"]
[Date "1982.??.??"]
[Round "10"]
[White "Ftacnik, Lubomir"]
[Black "Mortensen, Erling"]
[Result "1/2-1/2"]
[WhiteElo "2535"]
[BlackElo "2440"]

1.Nf3 Nf6 2.c4 g6 3.d4 Bg7 4.Nc3 O-O 5.e4 d6 6.Be2 e5 7.O-O Nbd7 8.Qc2 c6
9.Rd1 exd4 10.Nxd4 Qe7 11.Bg5 Nc5 12.f3 Qc7 13.b4 Ne6 14.Nxe6 Bxe6 15.Bf4 Ne8
16.c5 Be5 17.Bxe5 dxe5 18.a4 a5 19.b5 Qe7 20.Nb1 Nf6 21.Na3 Rfc8 22.b6 Rd8
23.Qc3 Nd7 24.Rac1 Qg5 25.Nc2 Nf6 26.g3 h5 27.Qe3 Qxe3+ 28.Nxe3 Kf8 29.Bc4 Rxd1+
30.Rxd1 Ke7 31.Bxe6 Kxe6 32.Kf2 Nd7 33.Rc1 f5 34.Ke2 fxe4 35.fxe4 Nf6 36.Rc4 Rd8
37.Nf1 h4 38.Nd2 h3 39.Nb3 Ng4 40.Nxa5 Rf8 41.Nxb7 Rf2+ 42.Kd3 Rf3+ 43.Ke2 Rf2+
44.Kd3 Rf3+  1/2-1/2

[Event "CSR-ch"]
[Site "Frenstat"]
[Date "1982.??.??"]
[Round "3"]
[White "Ftacnik, Lubomir"]
[Black "Hausner, Ivan"]
[Result "1-0"]
[WhiteElo "2560"]
[BlackElo "2435"]

1.d4 Nf6 2.Nf3 g6 3.c4 Bg7 4.Nc3 d6 5.e4 O-O 6.Be2 e5 7.O-O Nbd7 8.Re1 c6
9.Bf1 exd4 10.Nxd4 Ng4 11.h3 Qb6 12.hxg4 Bxd4 13.Be3 Bxe3 14.Rxe3 Qc5 15.Be2 Qe5
16.Qd2 Nf6 17.g5 Ne8 18.Rg3 Be6 19.Rf1 Qa5 20.a3 Rd8 21.b4 Qb6 22.Rd1 Ra8
23.c5 dxc5 24.Na4 Qc7 25.Nxc5 Ng7 26.Qd6 Rac8 27.Rc3 Qxd6 28.Rxd6 Rc7 29.f4 Bc8
30.g3 Ne6 31.e5 Nxc5 32.bxc5 Be6 33.Bf3 Kg7 34.Kf2 Rh8 35.g4 h6 36.gxh6+ Rxh6
37.Rd8 Rh2+ 38.Kg3 Rb2 39.Be4 Re2 40.Bf3 Rb2 41.Rd6 Rb1 42.Kh4 Rc8 43.Kg5 Rg1
44.Rd1 Rxd1 45.Bxd1 Rd8 46.Bb3 Bd5 47.a4 Rd7 48.a5 Rd8 49.Re3 Rd7 50.f5 gxf5
51.gxf5 Bxb3 52.f6+ Kf8 53.Rh3 Kg8 54.Rxb3 a6 55.Kf5 Kf8 56.Rh3 Kg8 57.Re3 Rd5
58.Rg3+ Kf8 59.Rb3 Rd7 60.Ke4 Rd1 61.Rxb7 Kg8 62.Rb6 Ra1 63.Kf5 Rf1+ 64.Kg4 Kh7
65.Rxa6 Kg6 66.Ra8  1-0

[Event "Gausdal Jubilee"]
[Site "Gausdal"]
[Date "1982.??.??"]
[Round "2"]
[White "Kraidman, Yair"]
[Black "Berg, Klaus"]
[Result "1/2-1/2"]
[WhiteElo "2440"]
[BlackElo "2295"]

1.d4 Nf6 2.c4 d6 3.Nc3 Nbd7 4.e4 e5 5.Nf3 g6 6.Be2 Bg7 7.O-O O-O 8.Be3 a5
9.Qc2 Ng4 10.Bg5 f6 11.Bd2 c6 12.Rad1 exd4 13.Nxd4 Nc5 14.h3 Nh6 15.Be3 Qe7
16.Rfe1 f5 17.exf5 Nxf5 18.Nxf5 Bxf5 19.Qd2 Rad8 20.Bf1 Be6 21.Bg5 Bf6 22.Bh6 Bg7
23.Bxg7 Qxg7 24.Ne4 Nxe4 25.Rxe4 Qf7 26.Qe3 Rfe8 27.Re1 Bd7 28.Qg5 Rxe4 29.Qxd8+ Qe8
30.Qxe8+ Rxe8 31.Rxe8+ Bxe8 32.f4 h5 33.g3 Kf7 34.Kf2 Kf6 35.Ke3 Bd7 36.Kd4 Bf5
37.c5 Ke6 38.a3 Kd7 39.b4 axb4 40.axb4 Kc7 41.Bg2 Kd7 42.Bf1 Ke6 43.Bg2 Kd7
44.Bf1 Ke6 45.Bg2  1/2-1/2

[Event "Gausdal Jubilee"]
[Site "Gausdal"]
[Date "1982.??.??"]
[Round "2"]
[White "Sjoberg, Mats"]
[Black "Kraehenbuehl, Gerhard"]
[Result "1-0"]
[WhiteElo "2380"]
[BlackElo "2305"]

1.d4 Nf6 2.c4 g6 3.Nc3 Bg7 4.e4 O-O 5.Nf3 d6 6.Be2 e5 7.d5 a5 8.O-O Na6 9.Be3 h6
10.Nd2 Ne8 11.a3 Bd7 12.Rb1 f5 13.f3 Kh7 14.b4 axb4 15.axb4 Bf6 16.c5 Bg5
17.Bf2 Bxd2 18.Qxd2 f4 19.c6 bxc6 20.dxc6 Be6 21.Nd5 Nf6 22.Nxf6+ Rxf6 23.Ra1  1-0

[Event "Gausdal Young Men"]
[Site "Gausdal"]
[Date "1982.??.??"]
[Round "2"]
[White "Bergmanolson, Michael"]
[Black "Akesson, Ralf"]
[Result "0-1"]
[WhiteElo "2200"]
[BlackElo "2380"]

1.c4 g6 2.d4 Bg7 3.Nc3 d6 4.Nf3 Nf6 5.e4 O-O 6.Be2 e5 7.d5 a5 8.Bg5 Na6 9.Nd2 h6
10.Be3 Ne8 11.a3 f5 12.f3 Bd7 13.Rb1 Nc5 14.b4 axb4 15.axb4 Na4 16.Nxa4 Rxa4
17.c5 Ra3 18.Nc4 Ra2 19.Qb3 Rxe2+ 20.Kxe2 fxe4 21.fxe4 Qh4 22.Nd2 Bb5+ 23.Kd1 Nf6
24.Qc2 Ng4 25.Qc3 h5 26.Kc2 Nf2 27.g3 Qg4 28.Bxf2 Rxf2 29.Qe3 Re2  0-1

[Event "Gausdal Int"]
[Site "Gausdal"]
[Date "1982.??.??"]
[Round "2"]
[White "Agdestein, Espen"]
[Black "Cramling, Pia"]
[Result "0-1"]
[WhiteElo "2265"]
[BlackElo "2260"]

1.d4 Nf6 2.c4 d6 3.Nc3 Nbd7 4.e4 e5 5.Nf3 g6 6.Be2 Bg7 7.O-O O-O 8.Re1 c6
9.Bf1 Ng4 10.h3 Nh6 11.Be3 f6 12.Qd2 Nf7 13.Qc2 Ng5 14.Nxg5 fxg5 15.Rad1 exd4
16.Bxd4 Ne5 17.Bc5 dxc5 18.Rxd8 Rxd8 19.Rd1 Rd4 20.Ne2 Rxd1 21.Qxd1 Be6 22.b3 Nf7
23.g3 Rd8 24.Qc1 b6 25.f4 gxf4 26.gxf4 Bh6 27.Qe1 Bc8 28.Bg2 Rd3 29.e5 Nd8
30.Qh4 Bf8 31.Ng3 Rd7 32.Ne4 Be7 33.Qg3 Rd4 34.Qf3 Bf5 35.Ng3 Rd3  0-1

[Event "Gausdal Int"]
[Site "Gausdal"]
[Date "1982.??.??"]
[Round "3"]
[White "Tiller, Bjorn"]
[Black "Saidy, Anthony Fred"]
[Result "1-0"]
[WhiteElo "2420"]
[BlackElo "2425"]

1.c4 Nf6 2.Nc3 g6 3.e4 d6 4.d4 Bg7 5.Nf3 O-O 6.Be2 Nbd7 7.O-O e5 8.Qc2 exd4
9.Nxd4 Nc5 10.Rd1 Re8 11.f3 a5 12.Nb3 b6 13.Be3 Bd7 14.Nb5 a4 15.N3d4 d5
16.Bf4 c6 17.Nc7 Nh5 18.Bd6 Bxd4+ 19.Rxd4 Ne6 20.Nxe6 Bxe6 21.c5 a3 22.b3 Nf6
23.e5 Nd7 24.f4 f6 25.Bd3 Bf7 26.e6 Rxe6 27.f5 Rxd6 28.fxg6 hxg6 29.cxd6 Ne5
30.Rf1 Qxd6 31.Rdf4 f5 32.Qd2 Nxd3 33.Qxd3 c5 34.g4 Be6 35.h4 d4 36.h5 g5
37.R4f3 Ra7 38.gxf5 Bd5 39.Rg3 Rg7 40.f6 Be4 41.f7+ Kf8 42.Re3 Qf4  1-0

[Event "Gausdal Jubilee"]
[Site "Gausdal"]
[Date "1982.??.??"]
[Round "4"]
[White "Welin, Thomas"]
[Black "Mortensen, Erling"]
[Result "1-0"]
[WhiteElo "2330"]
[BlackElo "2440"]

1.c4 g6 2.e4 Bg7 3.d4 d6 4.Nc3 Nf6 5.Be2 O-O 6.Nf3 Nbd7 7.O-O e5 8.Re1 c6
9.Rb1 exd4 10.Nxd4 Nc5 11.f3 Nh5 12.Be3 f5 13.exf5 gxf5 14.f4 Nf6 15.Bf3 Re8
16.Nb3 Nce4 17.Nxe4 Nxe4 18.Bd4 Nf6 19.Qd3 Bd7 20.Qc3 Rxe1+ 21.Rxe1 c5 22.Bxf6 Qxf6
23.Qxf6 Bxf6 24.Rd1 Rd8 25.Rxd6 Be7 26.Rd3 b6 27.Bd5+ Kf8 28.Rh3 Kg7 29.Rg3+ Kf6
30.Rh3 Kg7 31.Nc1 Bf6 32.Rg3+ Kh6 33.Nd3 Re8 34.Kf1 Bd4 35.b3 Bf6 36.Rf3 Bd4
37.g3 Kg7 38.Ne1 Bf6 39.Rd3 Rd8 40.Nf3 h6 41.Ne5 Bc8 42.Nc6 Rd7 43.Re3 Ba6
44.Kf2 Bb7 45.Ne5 Bxe5 46.Rxe5 Bxd5 47.cxd5 Kf6 48.Re6+ Kg7 49.Re5 Kf6 50.a4 Rd6
51.Ke3 a6 52.Kd3 b5 53.a5 h5 54.Kc3 Rd7 55.Re6+ Kg7 56.Rxa6 Rxd5 57.Rb6 c4
58.bxc4 bxc4 59.a6 Ra5 60.Kxc4 h4 61.gxh4 Ra2 62.Kb5  1-0

[Event "Gausdal Int"]
[Site "Gausdal"]
[Date "1982.??.??"]
[Round "5"]
[White "Dlugy, Maxim"]
[Black "Cramling, Dan"]
[Result "1/2-1/2"]
[WhiteElo "2325"]
[BlackElo "2375"]

1.d4 Nf6 2.c4 d6 3.Nc3 Nbd7 4.Nf3 g6 5.e4 e5 6.Be2 Bg7 7.O-O O-O 8.Be3 c6
9.b4 exd4 10.Bxd4 Re8 11.Qc2 Qe7 12.Bd3 Ne5 13.Nxe5 dxe5 14.Bc5 Qc7 15.f3 Nd7
16.Be3 Nf8 17.c5 Ne6 18.Ne2 Nf4 19.Bc4 Be6 20.Rad1 Bxc4  1/2-1/2

[Event "Gausdal Int"]
[Site "Gausdal"]
[Date "1982.??.??"]
[Round "7"]
[White "Braathen, Jon Erik"]
[Black "Olafsson, Helgi"]
[Result "0-1"]
[WhiteElo "2235"]
[BlackElo "2430"]

1.Nf3 Nf6 2.c4 g6 3.Nc3 Bg7 4.e4 O-O 5.d4 d6 6.Be2 e5 7.dxe5 dxe5 8.Qxd8 Rxd8
9.Bg5 Nbd7 10.O-O-O Rf8 11.Nd5 c6 12.Nxf6+ Nxf6 13.Nd2 Be6 14.f3 Rfc8 15.Kb1 Nd7
16.Rc1 Bf8 17.Rhd1 a5 18.Nf1 Bc5 19.Be3 Bxe3 20.Nxe3 Nc5 21.Rd2 Kf8 22.Rcd1 Ke7
23.Kc2 f6 24.g3 Bf7 25.Kb1 Be8 26.b3 Rc7 27.Kb2 Ne6 28.a4 Rd7 29.Rxd7+ Bxd7
30.c5 Nxc5 31.Nc4 Be6 32.Nb6 Rf8 33.Bc4 Nd7 34.Bxe6 Nxb6 35.Bh3 Rd8 36.Rxd8 Kxd8
37.Kc3 Kc7 38.b4 Nxa4+ 39.Kb3 b5 40.bxa5 c5 41.Be6 Kb7 42.g4 g5 43.f4  0-1

[Event "Gausdal Int"]
[Site "Gausdal"]
[Date "1982.??.??"]
[Round "7"]
[White "Dlugy, Maxim"]
[Black "Odendahl, Steven M"]
[Result "1/2-1/2"]
[WhiteElo "2325"]
[BlackElo "2395"]

1.d4 Nf6 2.c4 d6 3.Nc3 Nbd7 4.Nf3 e5 5.e4 g6 6.Be2 Bg7 7.O-O O-O 8.Be3 a5
9.Qc2 Ng4 10.Bg5 f6 11.Bd2 exd4 12.Nxd4 Nc5 13.Bxg4 Bxg4 14.Be3 f5 15.exf5 Bxf5
16.Nxf5 Rxf5  1/2-1/2

[Event "Gausdal Jubilee"]
[Site "Gausdal"]
[Date "1982.??.??"]
[Round "9"]
[White "Wedberg, Tom"]
[Black "Mortensen, Erling"]
[Result "1/2-1/2"]
[WhiteElo "2435"]
[BlackElo "2440"]

1.d4 Nf6 2.Nf3 g6 3.c4 Bg7 4.Nc3 O-O 5.e4 d6 6.Be2 e5 7.Be3 Nbd7 8.Qc2 Ng4
9.Bg5 f6 10.Bh4 Nh6 11.h3 g5 12.Bg3 f5 13.d5 Nc5 14.O-O-O fxe4 15.Nxe4 Nxe4
16.Qxe4 Qf6 17.Rd2 Bf5 18.Qe3 Nf7 19.Nh2 Qg6 20.Bg4 e4 21.Re2 Rae8 22.Kb1 h5
23.Bxf5 Qxf5 24.Nf1 b5 25.cxb5 Qxd5 26.Qb3 Qxb3 27.axb3 h4 28.Bh2 Ne5 29.Bxe5 Rxe5
30.Nd2 Rxb5 31.Nxe4 Rxb3 32.Rc1 Rfb8 33.Rcc2 R3b5 34.Rxc7 Bxb2 35.Kc2 Be5
36.Nc3 R5b7 37.Rc6 Rb6 38.Rc7 R8b7 39.Rc8+ Kg7 40.Nd1 Ra6 41.Kd3 Ra4 42.Rec2 a5
43.Ne3 Rf4 44.Ra8 a4 45.f3 Rb3+ 46.Kd2 Rb2 47.Rxb2 Bxb2 48.Kc2 Be5 49.Kd3 Rb4
50.Nc4 Kf6 51.Ra6 Ke6 52.Ra8 Bf4 53.Ra6 Bg3 54.Kc3 Rb3+ 55.Kc2 Rb4 56.Kc3 Be1+
57.Kd3 Rb3+ 58.Ke2 Bb4 59.Rxa4 Bc5 60.Ra2 d5 61.Nb2 Ra3  1/2-1/2

[Event "EU-ch U20"]
[Site "Groningen"]
[Date "1982.??.??"]
[Round "3"]
[White "Utasi, Tamas"]
[Black "Cramling, Pia"]
[Result "0-1"]
[WhiteElo "2275"]
[BlackElo "2260"]

1.Nf3 Nf6 2.c4 g6 3.Nc3 Bg7 4.d4 O-O 5.e4 d6 6.Be2 e5 7.Be3 Nbd7 8.Qd2 Ng4
9.Bg5 f6 10.Bh4 Nh6 11.Rd1 Nf7 12.O-O a5 13.Qc2 Re8 14.Rfe1 c6 15.a3 Qc7
16.b4 Nf8 17.Bg3 axb4 18.axb4 Qb6 19.c5 dxc5 20.bxc5 Qa5 21.dxe5 fxe5 22.Nb1 Be6
23.Nbd2 Nd7 24.Rc1 Qb4 25.Bc4 Nxc5 26.Bxe6 Nxe6 27.Nc4 Ra4 28.Nb6 Ra6 29.Rb1 Qc5
30.Qb3 Qe7 31.Qc4 Kh8 32.Bh4 Qc5 33.Qb3 Ra3 34.Qb2 Qc3 35.Qxc3 Rxc3 36.Na4 Rc4
37.Rxb7 Nd6 38.Rd7 Rxa4 39.Rxd6 Rc4 40.Kf1 Nd4 41.Nxd4 exd4 42.e5 c5 43.f4 d3
44.g3 Rc3 45.Ra1 c4 46.Ra7 Rc2 47.Rdd7 Rb8 48.Rdb7 Rxb7 49.Rxb7 Rc1+ 50.Kf2 d2
51.Rb8+ Bf8 52.Rxf8+ Kg7 53.Rd8 d1=Q 54.Rxd1 Rxd1 55.Ke2 Rd4 56.f5 gxf5 57.Bf6+ Kf7
58.Ke3 Rd5  0-1

[Event "Halle (Women)"]
[Site "Halle"]
[Date "1982.??.??"]
[Round "?"]
[White "Reicher, Emanoil"]
[Black "Voiska, Margarita"]
[Result "1/2-1/2"]
[WhiteElo "2285"]
[BlackElo "2085"]

1.Nf3 g6 2.c4 Bg7 3.Nc3 d6 4.d4 Nf6 5.e4 O-O 6.Be2 Nbd7 7.O-O e5 8.Be3 exd4
9.Nxd4 Re8 10.f3 Nc5 11.Qd2 a5 12.Rfd1 Qe7 13.Bf2 Ne6 14.Nxe6 Bxe6 15.Rac1 Nd7
16.Nd5 Bxd5 17.cxd5 Nc5 18.Bb5 Rf8 19.b3 b6 20.Re1  1/2-1/2

[Event "Halle-Buna"]
[Site "Halle"]
[Date "1982.??.??"]
[Round "3"]
[White "Gross, Stefan"]
[Black "Uhlmann, Wolfgang"]
[Result "1/2-1/2"]
[WhiteElo "2405"]
[BlackElo "2510"]

1.Nf3 Nf6 2.c4 g6 3.Nc3 Bg7 4.e4 d6 5.d4 O-O 6.Be2 e5 7.Be3 Ng4 8.Bg5 f6
9.Bh4 Nc6 10.d5 Ne7 11.Nd2 f5 12.Bxg4 fxg4 13.Bg5 c5 14.a3 Bf6 15.Be3 Bd7
16.Rb1 Nc8 17.b4 b6 18.Qe2 Bg5 19.Rb2 Bf4 20.O-O Qg5 21.Re1 Bxe3 22.Qxe3 Qxe3
23.Rxe3 Rf6 24.Re1 Kf7 25.Ra1 Ke7 26.Ne2 Kd8 27.Nc1 Rf7 28.Nd3 h6 29.Kf1 Be8
30.Ke2 Rc7 31.Ke3 a5 32.bxc5 bxc5 33.f4 gxf3 34.gxf3 g5 35.h4 Raa7 36.hxg5 hxg5
37.Rg1 Rg7 38.Nf2 Bd7 39.Rh1 Kc7 40.Rh8 Nb6 41.Rb1 Ra8 42.Rxa8 Nxa8 43.Rg1 Nb6
44.Rg3 Bc8 45.Nh3 Bxh3 46.Rxh3 Nd7 47.Rg3 Nf6 48.Rg1  1/2-1/2

[Event "Halle-Buna"]
[Site "Halle"]
[Date "1982.??.??"]
[Round "8"]
[White "Malich, Burkhard"]
[Black "Portisch, Ferenc"]
[Result "1/2-1/2"]
[WhiteElo "2435"]
[BlackElo "2435"]

1.d4 Nf6 2.c4 g6 3.Nc3 Bg7 4.e4 d6 5.Nf3 O-O 6.Be2 e5 7.O-O Nbd7 8.Re1 c6
9.d5 Nc5 10.Bf1 a5 11.h3 Bd7 12.dxc6 Bxc6 13.Bd3 Ne8 14.Bg5 f6 15.Be3 Nc7
16.Qe2 N7e6 17.Rad1 f5 18.exf5 gxf5 19.Bb1 e4 20.Nh2 Be5 21.Nd5 Qh4 22.f3 Bxd5
23.cxd5 Nf4 24.Bxf4 Qxf4 25.Nf1 Rae8 26.Qf2 Kh8 27.Kh1 Rg8 28.Re2 Rg7 29.fxe4 Qxf2
30.Rxf2 fxe4 31.Re2 Rf7 32.Nd2 Ref8 33.Bxe4 Bxb2 34.Bf3 Rf6 35.Nc4 Bc3 36.Re3 Na4
37.Re6 Bb4 38.a3 Bc5 39.Rb1 b6 40.Kh2 Nc3 41.Rxf6  1/2-1/2